Das Beste aus Ursula Summs Trennkost - Küche

Bibliographic Details
Main Author: Summ, Ursula, 1947- (Author)
Format: Book
Language:German
PhysicalDescription:159 s., [1] voľ. príl. 27 cm
Published: [Niedernhausen/Ts.] Falken c1999
ISBN:3806849854
Edition:Erw. Neuausg.
Subjects:

MARC

LEADER 00000nam a2200000 a 4500
001 vtls001395399
003 SK-MaSNL
005 20260301011833.0
008 240316s1999 DE a r ger
020 |a 3806849854  |c b.c. 
035 |a SNK000349752 
035 |a urn:nbn:sk:snk-amyemw 
035 |a urn:nbn:sk:snk-am00cho2 
035 |a 83F637CB-D498-42F3-BA72-83643315525F 
040 |a SNK  |b slo  |c SNK  |e AACR2 
041 0 |a ger 
044 |a DE 
080 |a 641.5:613.2(083.12)  |2 1981 
100 1 |a Summ, Ursula,  |d 1947-  |4 aut  |9 203853 
245 1 4 |a Das Beste aus Ursula Summs  |b Trennkost - Küche 
250 |a Erw. Neuausg. 
260 |a [Niedernhausen/Ts.]  |b Falken  |c c1999  |e [Martin  |f Neografia] 
300 |a 159 s., [1] voľ. príl.  |c 27 cm 
500 |a ISBN zhodné s rokom vydania 2001 
650 0 7 |a strava oddelená  |x jedlá  |x príprava  |x predpisy kuchárske  |2 SNK  |9 295892 
650 0 7 |a knihy kuchárske  |2 SNK  |9 283472 
919 |a 3-8068-4985-4 
958 |a OND 
999 |c 552002  |d 553932 
952 |t P60, <03>, [BOOK], {603}  |a SNK  |b SNK  |y PREZ  |7 0  |p 17A0251020  |o snkSB 62248  |i snkKSP 9163/2000  |0 0  |1 0  |4 0  |d 2000-09-08  |f 1  |l 0  |r 2025-04-11 00:00:00  |w 2026-02-23